Online
Catalog

Dirección femenina : (Record no. 23842)

MARC details
000 -CABECERA
campo de control de longitud fija 01172nam a2200241 a 4500
001 - NÚMERO DE CONTROL
campo de control 000024349
005 - FECHA Y HORA DE LA ÚLTIMA TRANSACCIÓN
campo de control 20200930022932.0
008 - DATOS DE LONGITUD FIJA--INFORMACIÓN GENERAL
campo de control de longitud fija 110126s1987 sp r 000 0 spa d
020 ## - NÚMERO INTERNACIONAL ESTÁNDAR DEL LIBRO
Número Internacional Estándar del Libro 8425507642
040 ## - FUENTE DE LA CATALOGACIÓN
Centro catalogador/agencia de origen DO-SdBNP
Lengua de catalogación spa
Centro/agencia transcriptor BNPHU
041 17 - CÓDIGO DE LENGUA
Código de lengua del texto/banda sonora o título independiente spa
Código de lengua original eng
Fuente del código Código de idioma MARC
082 ## - NÚMERO DE LA CLASIFICACIÓN DECIMAL DEWEY
Número de clasificación NNN
Número de documento/Ítem L821d
049 ## - FONDOS LOCALES (OCLC)
Fondos de biblioteca BNGR
100 1# - ENTRADA PRINCIPAL--NOMBRE DE PERSONA
Nombre de persona Loden, Marilyn
9 (RLIN) 49936
240 10 - TÍTULO UNIFORME
Título uniforme Femenine leadership or to succeed in business with out being one of the boys.
Lenguaje de la obra Español.
245 10 - MENCIÓN DE TÍTULO
Título Dirección femenina :
Resto del título cómo triunfar en los negocios sin actuar como un hombre /
Mención de responsabilidad, etc. Marilyn Loden ; traducida por Fernando Ruiz Gabás.
260 ## - PUBLICACIÓN, DISTRIBUCIÓN, ETC.
Lugar de publicación, distribución, etc. Barcelona, España :
Nombre del editor, distribuidor, etc. Hispano Europea,
Fecha de publicación, distribución, etc. 1987.
490 1# - MENCIÓN DE SERIE
Mención de serie Biblioteca de dirección, organización y administración de empresas
-- psicología y desarrollo personal
534 ## - NOTA SOBRE LA VERSIÓN ORIGINAL
Encabezamiento principal del original Título original:
Mención de título del original Femenine leadership or to succeed in business with out being one of the boys.
504 ## - NOTA DE BIBLIOGRAFÍA, ETC.
Nota de bibliografía, etc. Incluye referencias bibliográficas y notas al pie de las páginas
700 1# - PUNTO DE ACCESO ADICIONAL--NOMBRE DE PERSONA
Nombre de persona Ruiz Gabás, Fernando,
Término indicativo de función/relación tr.
9 (RLIN) 49937
830 #0 - PUNTO DE ACCESO ADICIONAL DE SERIE-TÍTULO UNIFORME
Título uniforme Biblioteca de dirección, organización y administración de empresas
Nombre de parte o sección de la obra psicología y desarrollo personal
9 (RLIN) 49938
Holdings
Estado de retiro Estado de pérdida Restricciones de uso No para préstamo Código de colección Localización permanente Ubicación/localización actual Ubicación en estantería Fecha de adquisición Número de inventario Total de préstamos Signatura topográfica completa Código de barras Fecha visto por última vez Precio válido a partir de Tipo de ítem Koha
        Monografías: Libros y Folletos General General En catalogación 26.01.2011 LF1   NNN L821d 24349-10 25.06.2020 25.06.2020 Préstamo en sala

Powered by Koha